书目信息 |
| 题名: |
安装工程制图与计算机辅助设计
|
|
| 作者: | 孙巍 , 吴飞 , 唐俊 主编 | |
| 分册: | ||
| 出版信息: | 武汉 武汉大学出版社 2020.08 |
|
| 页数: | 274页 | |
| 开本: | 26cm | |
| 丛书名: | ||
| 单 册: | ||
| 中图分类: | TU204 , TU758 | |
| 科图分类: | ||
| 主题词: | 建筑安装--jian zhu an zhuang--建筑制图--计算机辅助设计--高等职业教育--教材 | |
| 电子资源: | ||
| ISBN: | 978-7-307-21645-7 | |
| 000 | 01365nam0 2200313 450 | |
| 001 | 202021193760 | |
| 005 | 20211025120141.0 | |
| 010 | @a978-7-307-21645-7@dCNY58.00 | |
| 100 | @a20211002d2020 em y0chiy50 ea | |
| 101 | 0 | @achi |
| 102 | @aCN@b420000 | |
| 105 | @aak a 000yy | |
| 106 | @ar | |
| 200 | 1 | @a安装工程制图与计算机辅助设计@Aan zhuang gong cheng zhi tu yu ji suan ji fu zhu she ji@f主编孙巍, 吴飞, 唐俊 |
| 210 | @a武汉@c武汉大学出版社@d2020.08 | |
| 215 | @a274页@c图@d26cm | |
| 300 | @a互联网+全媒体 | |
| 320 | @a有书目 (第274页) | |
| 330 | @a本书分为制图基本知识、安装工程施工图识读、计算机辅助设计三个篇章, 第一篇介绍了工程图学画法几何的基础知识和投影原理及制图投影理论, 为遵循制图标准的基本规定和专业图纸识图打下基础 ; 第二篇介绍了建筑、结构、给水排水、采暖、通风空调、电气等各专业施工图的识图技巧与方法, 力求使学生具备安装工程图样的识图能力 ; 第三篇以当下普及的AutoCAD软件为平台, 介绍了计算机绘图的基本知识, 使学生掌握计算机绘图的基本方法和技巧。 | |
| 333 | @a高等职业教育土建类专业“十三五”规划教材 | |
| 606 | 0 | @a建筑安装@Ajian zhu an zhuang@x建筑制图@x计算机辅助设计@x高等职业教育@j教材 |
| 690 | @aTU204@v5 | |
| 690 | @aTU758@v5 | |
| 701 | 0 | @a孙巍@Asun wei@4主编 |
| 701 | 0 | @a吴飞@Awu fei@4主编 |
| 701 | 0 | @a唐俊@Atang jun@4主编 |
| 801 | 0 | @aCN@c20210909 |
| 803 | @a高职 | |
| 905 | @a河南城建学院图书馆@dTU204@eS953 | |
| 安装工程制图与计算机辅助设计/主编孙巍, 吴飞, 唐俊.-武汉:武汉大学出版社,2020.08 |
| 274页:图;26cm |
| 互联网+全媒体.-使用对象:高等职业教育土建类专业“十三五”规划教材 |
| ISBN 978-7-307-21645-7:CNY58.00 |
| 本书分为制图基本知识、安装工程施工图识读、计算机辅助设计三个篇章, 第一篇介绍了工程图学画法几何的基础知识和投影原理及制图投影理论, 为遵循制图标准的基本规定和专业图纸识图打下基础 ; 第二篇介绍了建筑、结构、给水排水、采暖、通风空调、电气等各专业施工图的识图技巧与方法, 力求使学生具备安装工程图样的识图能力 ; 第三篇以当下普及的AutoCAD软件为平台, 介绍了计算机绘图的基本知识, 使学生掌握计算机绘图的基本方法和技巧。 |
| ● |
| 相关链接 |
|
|
|
正题名:安装工程制图与计算机辅助设计
索取号:TU204/S953
 
预约/预借
| 序号 | 登录号 | 条形码 | 馆藏地/架位号 | 状态 | 备注 |
| 1 | 1542925 | 215429258 | 建筑库101/101建筑库 109排1列3层/ [索取号:TU204/S953] | 在馆 | |
| 2 | 1542926 | 215429267 | 建筑库101/101建筑库 109排1列3层/ [索取号:TU204/S953] | 在馆 |